[Event "Taastrup Winter 2nd"]
[Site "Taastrup"]
[Date "2017.03.11"]
[Round "9"]
[White "Birk, Birger"]
[Black "Larsen, Simon Bering"]
[Result "1-0"]
[WhiteElo "1567"]
[BlackElo "1887"]
[PlyCount "65"]
[EventDate "2016.11.11"]
[EventType "swiss"]
[EventRounds "9"]
[EventCountry "DEN"]
[SourceTitle "EXT 2024"]
[Source "ChessBase"]
[SourceDate "2023.10.10"]
[SourceVersion "1"]
[SourceVersionDate "2023.10.10"]
[SourceQuality "1"]

1. d4 Nf6 2. Nc3 g6 3. e4 d6 4. f3 Bg7 5. Be3 0-0 6. Qd2 Nbd7 7. Bh6 a6 8. g4 b5 9. Bxg7 Kxg7 10. h4 h5 11. Be2 c5 12. Nh3 cxd4 13. Qxd4 Qb6 14. Qd2 Ne5 15. Nf4 hxg4 16. Nfd5 Qa7 17. h5 Rh8 18. 0-0-0 gxf3 19. h6+ Kh7 20. Nxf6+ exf6 21. Nd5 Rd8 22. Nxf6+ Kh8 23. Bd3 Be6 24. Nd5 Rac8 25. Qg5 f6 26. Qxf6+ Kh7 27. Qxe6 Re8 28. Nf6+ Kh8 29. Nxe8 Nxd3+ 30. Rxd3 Rxc2+ 31. Kxc2 Qc5+ 32. Kb1 Qg5 33. Qf6+ 1-0

[Event "Copenhagen K41 Sommer G"]
[Site "Copenhagen"]
[Date "2012.05.31"]
[Round "3"]
[White "Larsen, Simon Bering"]
[Black "Jacobsen, Mikkel Manosri"]
[Result "0-1"]
[WhiteElo "1405"]
[BlackElo "1134"]
[PlyCount "102"]
[EventDate "2012.05.17"]
[EventType "swiss"]
[EventRounds "5"]
[EventCountry "DEN"]
[SourceTitle "EXT 2023"]
[Source "ChessBase"]
[SourceDate "2022.10.05"]
[SourceVersion "1"]
[SourceVersionDate "2022.10.05"]
[SourceQuality "1"]

1. e4 d5 2. exd5 Qxd5 3. Nc3 Qa5 4. Bc4 c6 5. Nf3 Bf5 6. d3 e6 7. 0-0 Bd6 8. Bd2 Qc7 9. Ne4 Be7 10. Ng3 Bg6 11. Bc3 Nf6 12. Ne5 Nbd7 13. Nxd7 Qxd7 14. a4 0-0 15. Be5 Nd5 16. Ne2 Bh5 17. Qd2 h6 18. Bg3 Bf6 19. c3 Rfd8 20. Nf4 Nxf4 21. Bxf4 b5 22. axb5 cxb5 23. Bb3 Qxd3 24. Qxd3 Rxd3 25. Bc2 Rd7 26. Be4 Rc8 27. Be3 Rcc7 28. Ra6 b4 29. Rb1 Be2 30. Ra4 bxc3 31. bxc3 Bb5 32. Rab4 a6 33. g3 g5 34. Rxb5 axb5 35. Rxb5 Rxc3 36. Kg2 Bd4 37. Bxd4 Rxd4 38. Bb7 Rcc4 39. Rb2 Rb4 40. Rxb4 Rxb4 41. Bf3 f5 42. h3 Kg7 43. g4 fxg4 44. hxg4 e5 45. Be2 e4 46. Ba6 Kf6 47. Bc8 Rb3 48. Bf5 Ke5 49. Bh7 Kf4 50. Bf5 Rb2 51. Bg6 e3 0-1